000 01253nam a2200337 i 4500
001 000028096
003 DO-SdBNP
005 20250321112742.0
007 ta
008 110405s1980 dr 000 0 spa d
040 _aDO-SdBNP
_bspa
_cBNPHU
_erda
041 _aspa
082 4 _a923.27293
_bD812r 1980
_222
100 1 _aRodríguez Demorizi, Emilio,
_d1908-1986
_eautor
_4aut.
_91039
245 1 0 _aDuarte romántico :
_bdiscurso de ingreso en el Instituto Duartiano /
_cEmilio Rodríguez Demorizi ; contestación del Sr. Pedro Troncoso Sánchez.
250 _a2a edición
264 _aSanto Domingo, República Dominicana :
_bEditora Taller,
_c1980.
300 _a29 páginas ;
_c25 cm.
336 _atexto
_btxt
_2rdacontent
337 _asin mediación
_bn
_2rdamedia
338 _avolumen
_bnc
_2rdacarrier
490 0 _aInstituto Duartiano ;
_v3
590 _aInventariado, 2023 / DG
600 1 0 _aDuarte, Juan Pablo,
_d1813-1876
_91494
650 0 _aEnsayos dominicanos
_965
650 0 _aLiteratura dominicana.
_967
651 4 _aRepública Dominicana
_xHistoria
_y1844-1930
_vEnsayos, conferencas, etc.
_918262
700 1 _aTroncoso Sánchez, Pedro,
_d1904-1989
_923599
910 _aValidado. Control de calidad EMS
942 _2ddc
_cLF2
999 _c27588
_d27588